Major league baseball ; technique and tactics /

Bibliographic Details
Main Author: Allen, Ethan, 1904-
Format: Book
Language:English
Published: New York : The Macmillan company, 1938.
Subjects:

MARC

Tag First Indicator Second Indicator Subfields
LEADER 00000cam a2200000 4500
001 in00000031658
005 20151007061746.0
008 781117s1938 nyuac 00010 eng
010 |a  38032354  
035 |a (OCoLC)04384233 
035 |9 AAD2977AM 
040 |a DLC  |c CLE  |d TXA  |d UtOrBLW 
049 |a TXAM  |c 1 [148476]  |c 2 [148477] 
050 0 |a GV867  |b .A4 1938 
082 0 |a 796.357 
092 |a 796.357  |b A425m 
100 1 |a Allen, Ethan,  |d 1904- 
245 1 0 |a Major league baseball ;  |b technique and tactics /  |c by Ethan Allen; photographs and drawings by the author. 
264 1 |a New York :  |b The Macmillan company,  |c 1938. 
300 |a xix, 253 pages including frontispiece (port.) illustrations, diagrams ;  |c 22 cm. 
336 |a text  |b txt  |2 rdacontent 
337 |a unmediated  |b n  |2 rdamedia 
338 |a volume  |b nc  |2 rdacarrier 
500 |a "First printing." 
650 0 |a Baseball. 
999 |a MARS 
999 f f |s 7e61a8de-c779-3fe4-8e93-05a7e335c381  |i b4073559-c1b0-386b-944f-f601a3ceb09e  |t 0 
952 f f |p ric  |a Texas A&M University  |b Rellis Campus  |c Joint Library Facility  |d Remote Storage  |t 0  |e GV867 .A4 1938  |h Library of Congress classification  |i unmediated -- volume  |m A14801185119 
998 f f |a GV867 .A4 1938  |t 0  |l Remote Storage